<?xml version="1.0" encoding="UTF-8"?>
<marc:record xmlns:marc="http://www.loc.gov/MARC21/slim">
   <marc:leader>00000nam a2200000 a 4500</marc:leader>
   <marc:datafield ind1="0" ind2="0" tag="245">
      <marc:subfield code="a">Monika Gruber</marc:subfield>
   </marc:datafield>
   <marc:datafield ind1="0" ind2="0" tag="245">
      <marc:subfield code="b">"Zu wahr um schön zu sein"</marc:subfield>
   </marc:datafield>
   <marc:datafield ind1=" " ind2="1" tag="264">
      <marc:subfield code="c">2010</marc:subfield>
   </marc:datafield>
   <marc:datafield ind1="1" ind2=" " tag="520">
      <marc:subfield code="a">Die bayrische Comedy-Queen auf DVD! .... Gerade die kleinen Dinge im Leben können es einem schwer machen. Monika Gruber weiß das und legt gnadenlos den Finger in die Wunden unseres trostlosen Alltagslebens. Das tägliche Fernsehen, der Unterschied zwischen Mann und Frau und das Älterwerden sind die unerschöpflichen Quellen, aus denen die Kabarettistin sich bedient. Da kann es nur hilfreich sein, dass sie aus dem Ort Tittenkofen bei Erding stammt und ihren Weg bei der Sendung "Die Komiker" oder "Kanal fatal" beim Bayerischen Fernsehen gemacht hat. Monika Gruber erzählt, lästert und spottet mit spitzer Zunge. Wer Comedians liebt, kommt an Monika Gruber nicht vorbei.</marc:subfield>
   </marc:datafield>
   <marc:datafield ind1="0" ind2=" " tag="490">
      <marc:subfield code="v">0</marc:subfield>
   </marc:datafield>
   <marc:datafield ind1=" " ind2=" " tag="300">
      <marc:subfield code="a">120 min</marc:subfield>
   </marc:datafield>
</marc:record>
